000 01271cam a22003617a 4500
003 CHAP
005 20220329142450.0
008 010330d2001 mx a r 00110 spa d
010 _a83866
011 _a84838
035 _a95364
040 _cCHAP
090 _aTesis
100 0 0 _aBarrón Gutiérrez, Saúl.
_910566
245 1 0 _aVariación estacional en la coloración del tejido adiposo bovino y su impacto en la ganaderia tropical
_c/por Saúl Barrón Gutiérrez
260 _aMéxico, D.F. :
_bEl autor,
_c2001.
300 _a79 h. :
_bilus.
502 _aTesis (M.C. en Producción y Salud Animal) --UNAM. Facultad de Estudios Superiores Cuautitlán
590 _aALEPH
_b10
_c20130110
_lUCH01
_h1441
590 _aBATCH-UPD
_b10
_c20130110
_lUCH01
_h0615
590 _aBATCH-UPD
_b10
_c20130410
_lUCH01
_h0258
590 _aBATCH-UPD
_b10
_c20130914
_lUCH01
_h0543
590 _aCONVERSION
_b10
_c20130109
_lUCH01
_h1347
650 1 4 _aCarne en canal.
_919226
650 1 4 _aCarne
_xCalidad.
_919064
650 1 4 _aCarotenoides.
_919267
650 1 4 _aGanado vacuno
_xAlimentación.
_945429
650 1 4 _aTejidos
_xMetabolismo.
_9112031
901 _aBK
905 _aMayto Villalobos S.
942 _cTESIS
949 _bBC
_cTES
_d33724000823431
_eTS1
_h38009
_i95364
_sb
999 _c83866
_d83866